| 000 | 00452nam a2200193Ia 4500 | ||
|---|---|---|---|
| 003 | 0100 | ||
| 008 | 130303s9999 xx 000 0 und d | ||
| 020 | _a827229712 | ||
| 040 | _cARRUPELIB | ||
| 050 | _aBS476.H242000 | ||
| 245 | _aHandbook of postmodern Biblical interpretation | ||
| 260 | _aSt.Louis Mo | ||
| 260 | _bChalice Press | ||
| 260 | _C2000 | ||
| 300 | _axii | ||
| 300 | _b 322p. 22cm | ||
| 700 | _aedited by A.K.M.Adam | ||
| 942 | 0 | 0 | _01 |
| 999 |
_c9798 _d9798 |
||